Pokémon - Les attaques de Salarsen Forme Aigüe - Statistiques

Statistiques générales
  • Ce quiz a été pris 16 fois
  • Le résultat moyen est 12 sur 25
Statistiques - réponses
Niveaux Types Noms des attaques % Correct
Niveau 32 Poison Toxik
91%
Départ Électrique Éclair
82%
Départ Évolution Électrique Étincelle
82%
Niveau 20 Poison Choc Venin
73%
Niveau 44 Électrique Overdrive
73%
Niveau 48 Normal Bang Sonique
64%
Niveau 36 Électrique Coup d'Jus
64%
Niveau 40 Poison Direct Toxik
64%
Départ Électrique Frotte-Frimousse
64%
Départ Normal Groz'Yeux
64%
Départ Poison Acide
55%
Niveau 52 Acier Chgt Vitesse
55%
Niveau 4 Électrique Chargeur
45%
Départ Poison Éructation
45%
Niveau 8 Électrique Onde de Choc
45%
Niveau 16 Ténèbres Provoc
45%
Départ Normal Rugissement
36%
Départ Poison Bombe Acide
27%
Départ Électrique Ondes Étranges
27%
Départ Normal Gigotage
18%
Niveau 24 Normal Grincement
18%
Niveau 28 Normal Vantardise
18%
Niveau 12 Normal Grimace
9%
Départ Normal Larme à l'Œil
9%
Départ Normal Râle Mâle
0%
Aucun quiz correspondant
Distribution des résultats
% des personnes avec chaque résultat
Percentile par nombre de réponses
Votre historique - résultats
Vous n’avez pas pris ce quiz